00933nam a2200277 a 4500001001000000003000900010005001700019007000300036008004100039040003000080049000900110082002000119100005400139245005400193250002200247264005400269300002700323336002700350337003300377338002800410504003300438590002600471942001400497952012700511999001700638000015840DO-SdBNP20250213092600.0ta100219s1971 dr 000 0 spa d aDO-SdBNPbspacBNPHUerda aBNPD 1axxxxbG643L2221 aGonzález Díaz, Nestor J.,eautor4aut.93565114aLas leyes del mar /cNestor J. González Díaz. asegunda edición 1aSanto Domingo :bEditora Marina de Guerra,c1971. a85 páginas ;c21 cm. atextobtxt2rdacontent asin mediaciónbn2rdamedia avolumenbnc2rdacarrier aBibliografía : página 85 aInventariado, 2025/BT 2ddccLBS1 00102ddc51708PDaBNPHUbBNPHUcCTd2010-02-19l0oBNPHU PD G643lp15840-10r2020-06-25w2020-06-25yLBS1ZNo se presta c15384d15384